000 00420nab a2200145Ia 4500
003 ES-SlBCS
005 20210601134812.0
008 140529s1986 xxu||||| |||| 00| 0 spa d
041 _aspa
100 1 _aPérez Tamayo, Ruy
_9223401
245 0 0 _aMedicina, ciencia e ideología política
_c Ruy Pérez Tamayo
650 0 4 _aMedicina
_914377
773 0 _tArbor
_gvol. 123, nº. 483, 1986, págs. 41-60
_wRev54
942 _cAR
999 _c618128
_d618128